00453nam a22001457a 4500008004100000020001500041040001500056050002700071100002000098245008900118260004000207300001600247650002200263700002200285190521b xxu||||| |||| 00| 0 eng d a9351453659 aKABUcKABU aKZ3295b.M85 2016 c. 1 aMujawar, Fatima aCrisp introduction to international lawcFatima Mujawar, Foreword by B.N. Srikrishna aLucknowbEastern Book Companyc2016 axiv, 113 p. aInternational law aShrikrishna, B.N.